I _____ - Statistics

General Stats
  • This quiz has been taken 40 times
  • The average score is 13 of 20
Answer Stats
Hint Answer % Correct
I'm the king of the world! Titanic
96%
I am your father Star Wars the Empire Strikes Back
92%
I'm gonna make him an offer he can't refuse The Godfather
88%
I want to play a game Saw
77%
I see dead people The Sixth Sense
77%
I feel the need, the need for speed Top Gun
77%
I'm not bad I'm just drawn that way Who Framed Roger Rabbit?
77%
I'm Luke Skywalker and I'm here to rescue you Star Wars a New Hope
73%
I'll have what she's having When Harry Met Sally
69%
I love the smell of napalm in the morning Apocalypse Now
65%
I am not an animal I am a human being! The Elephant Man
62%
I know Kung Fu The Matrix
62%
I've always depended on the kindness of strangers A Streetcar Named Desire
54%
I'm kind of a big deal Anchorman
50%
I wish I knew how to quit you Brokeback Mountain
50%
I'm walking here! Midnight Cowboy
46%
I am big, it's the pictures that got small Sunset Boulevard
42%
I was born a poor black child The Jerk
38%
I'm mad as hell and I'm not going to take this anymore Network
31%
I'm your huckleberry Tombstone
27%
No matching quizzes found
Score Distribution
Percent of People with Each Score
Percentile by Number Answered
Your Score History
You have not taken this quiz